00314nam a2200121Ia 4500008004100000041000800041082001700049100002000066245002500086260004200111300003000153365000900183240624s9999 xx 000 0 und d aeng a658.4038 DEB aDEBOWSKI SHELDA aKNOWLEDGE MANAGEMENT c2006aNew JerseybJohn Wiley and Sons axv, : 368 : p. : cm. ; 23 cb28